000 00276nam a2200109Ia 4500
008 200302s9999 xx 000 0 und d
100 _aAuthor
245 _aOverseas Architects Standard Catalogue 4th ed.,
260 _bWhitefriars Press Ltd.,
260 _c1962
300 _a98 P.,
999 _c239
_d239